| 000 | 00509nam a22001937a 4500 | ||
|---|---|---|---|
| 005 | 20210907143826.0 | ||
| 008 | 210907b xxu||||| |||| 00| 0 eng d | ||
| 020 |
_a9789382425809 _cRs 100 |
||
| 040 | _beng | ||
| 041 | _aBengali | ||
| 082 |
_a616 _bCHA |
||
| 100 | _aChattopadhyay, Debiprasad | ||
| 245 |
_aJomer sange judhho _b[Fight with death] _cDebiprosad Chattopadhyay |
||
| 260 |
_aKolkata _bAnustup _c2018 |
||
| 300 |
_a79p _b16 cm |
||
| 650 |
_aMedicine _vDiseases |
||
| 850 | _aLCLIB | ||
| 942 | _cBK | ||
| 999 |
_c42792 _d93271 |
||